Countries that end in “E” - Statistics

General Stats
  • This quiz has been taken 40 times
  • The average score is 9 of 13
Answer Stats
No. Answer % Correct
13. Zimbabwe
91%
1. Belize
84%
4. France
84%
3. Chile
81%
10. Suriname
75%
11. Ukraine
72%
5. Greece
69%
6. Mozambique
69%
9. Singapore
69%
2. Cape Verde
59%
7. Sao Tome and Principe
56%
8. Sierra Leone
56%
12. Timor-Leste
13%
No matching quizzes found
Score Distribution
Percent of People with Each Score
Percentile by Number Answered
Your Score History
You have not taken this quiz